000 00557nam a2200169 i 4500
001 71566
003 ES-MaACL
005 20230906171151.0
007 t|
008 040812s1966 sp ||||1| spa d
100 1 _aGeoffrion, Paul.
_956372
245 1 0 _aAplicación clínica del arco gemelo /
_cpor Paul Geoffrion ; traducción por Luis Calatrava Páramo.
260 _aBarcelona :
_bEditorial Científico-Médica,
_c1966.
300 _aXVI, 236 p. :
_bil. ;
_c24 cm.
700 1 _aCalatrava Páramo, Luis.
_933550
852 _aES-MaACL
_jC-29837
_bR.60414
999 _c71566
_d71566